Introduction to environmental toxicology : (Record no. 12726)

MARC details
000 -LEADER
fixed length control field 00667nam a2200229 4500
005 - DATE AND TIME OF LATEST TRANSACTION
control field 20170404104147.0
006 - FIXED-LENGTH DATA ELEMENTS--ADDITIONAL MATERIAL CHARACTERISTICS--GENERAL INFORMATION
fixed length control field 000
007 - PHYSICAL DESCRIPTION FIXED FIELD--GENERAL INFORMATION
fixed length control field 000
008 - FIXED-LENGTH DATA ELEMENTS--GENERAL INFORMATION
fixed length control field 000
020 ## - INTERNATIONAL STANDARD BOOK NUMBER
International Standard Book Number 9781439804100
040 ## - CATALOGING SOURCE
Original cataloging agency UOEL
050 ## - LIBRARY OF CONGRESS CALL NUMBER
Classification number QH545
Item number .A1L35 2011
100 ## - MAIN ENTRY--PERSONAL NAME
Personal name Landis, Wayne G.
245 ## - TITLE STATEMENT
Title Introduction to environmental toxicology :
Statement of responsibility, etc by Wayne G. Landis
Remainder of title molecular substructures to ecological landscapes /
250 ## - EDITION STATEMENT
Edition statement 4th ed.
260 ## - PUBLICATION, DISTRIBUTION, ETC. (IMPRINT)
Place of publication, distribution, etc London :
Name of publisher, distributor, etc CRC Press Taylor and Francis Group,
Date of publication, distribution, etc c2011.
300 ## - PHYSICAL DESCRIPTION
Extent xx, 514 p. :
Other physical details ill.
500 ## - GENERAL NOTE
General note Includes index and appendix
650 ## - SUBJECT ADDED ENTRY--TOPICAL TERM
Topical term or geographic name as entry element Environmental toxicology
700 ## - ADDED ENTRY--PERSONAL NAME
Personal name Sofield M.Ruth, Ming-Ho Yu
942 ## - ADDED ENTRY ELEMENTS (KOHA)
Source of classification or shelving scheme Library of Congress Classification
Item type Short Loan for 1 day
Holdings
Withdrawn status Lost status Source of classification or shelving scheme Damaged status Not for loan Home library Current library Shelving location Date acquired Total Checkouts Full call number Barcode Date last seen Copy number Price effective from Koha item type
    Library of Congress Classification     UOE Main Library UOE Main Library Short Loan Area 30/03/2017   QH545 .A1L35 2011 20152895 27/04/2026 20152895 30/03/2017 Short Loan for 1 day
    Library of Congress Classification     UOE Main Library UOE Main Library Open shelf 30/03/2017   QH545 .A1L35 2011 20152896 27/04/2026 20152896 30/03/2017 Loan - Normal on open shelf
    Library of Congress Classification     UOE Town Campus UOE Town Campus Open shelf 27/04/2017   QH545 .A1L35 2011 20152897 27/04/2017 20152897 27/04/2017 Loan - Normal on open shelf
    Library of Congress Classification     UOE Town Campus UOE Town Campus Short Loan Area 27/04/2017   QH545 .A1L35 2011 20152898 27/04/2017 20152898 27/04/2017 Short Loan for 1 day
    Library of Congress Classification     UOE Town Campus UOE Town Campus Short Loan Area 27/04/2017   QH545 .A1L35 2011 20152899 27/04/2017 20152899 27/04/2017 Short Loan for 1 day